Pontificale romanvm (Record no. 8326)

MARC details
000 -CABECERA
campo de control de longitud fija 01208nam a2200325 a 4500
001 - NÚMERO DE CONTROL
campo de control BRCA_8667
005 - FECHA Y HORA DE LA ÚLTIMA TRANSACCIÓN
campo de control 20190320210349.0
008 - DATOS DE LONGITUD FIJA--INFORMACIÓN GENERAL
campo de control de longitud fija 021216s1595----it-#######---#000-0#lat-#
041 ## - CÓDIGO DE LENGUA
Código de lengua del texto/banda sonora o título independiente lat
044 ## - CÓDIGO DEL PAÍS DE LA ENTIDAD EDITORA/PRODUCTORA
Código MARC del país it
050 #4 - SIGNATURA TOPOGRÁFICA DE LA BIBLIOTECA DEL CONGRESO
Número de clasificación BX1970
Número de documento/Ítem .C54
-- 1595
100 1# - ENTRADA PRINCIPAL--NOMBRE DE PERSONA
Nombre de persona Clementis VIII
9 (RLIN) 21626
245 10 - MENCIÓN DE TÍTULO
Título Pontificale romanvm
Mención de responsabilidad, etc. Clementis VIII Pont. Max. IV SSV restitvtvm at que editum
260 ## - PUBLICACIÓN, DISTRIBUCIÓN, ETC.
Lugar de publicación, distribución, etc. Romae
Nombre del editor, distribuidor, etc. [s.i.]
Fecha de publicación, distribución, etc. 1595
300 ## - DESCRIPCIÓN FÍSICA
Extensión 278 p.
Otras características físicas il.
Dimensiones 36 cm
500 ## - NOTA GENERAL
Nota general Fondo antiguo
500 ## - NOTA GENERAL
Nota general Se encuentra en Caja Fuerte
500 ## - NOTA GENERAL
Nota general W-49/MG-3
500 ## - NOTA GENERAL
Nota general Portada con grabado impresa en dos tintas negro y rojo
500 ## - NOTA GENERAL
Nota general Uso de letras capitulares
500 ## - NOTA GENERAL
Nota general Incluye índice
500 ## - NOTA GENERAL
Nota general Texto en dos columnas
500 ## - NOTA GENERAL
Nota general Contiene pentagramas musicales
500 ## - NOTA GENERAL
Nota general Se localiza una marca de agua en las guardas
500 ## - NOTA GENERAL
Nota general Nota de encuadernación: piel sobre madera aplicaciones en las esquinas en plata con figuras de ángeles y broches de metal, edición de cantos dorados
506 0# - NOTA DE RESTRICCIONES AL ACCESO
Limitaciones de acceso Fondo reservado: para su consulta es necesario credencial de usuario y carta de motivos
650 14 - PUNTO DE ACCESO ADICIONAL DE MATERIA--TÉRMINO DE MATERIA
Término de materia o nombre geográfico como elemento de entrada Iglesia católica
Término indicativo de función/relación Liturgia y ritual
Subdivisión de forma Misal
9 (RLIN) 21627
902 ## - CATALOGADOR
Iniciales LAR
942 ## - ELEMENTOS DE PUNTO DE ACCESO ADICIONAL (KOHA)
Fuente del sistema de clasificación o colocación Library of Congress Classification
Tipo de ítem Koha Libros
Holdings
Estado de retiro Estado de pérdida Estado dañado No para préstamo Localización permanente Ubicación/localización actual Fecha de adquisición Total de préstamos Signatura topográfica completa Código de barras Fecha visto por última vez Precio válido a partir de Tipo de ítem Koha
El ejemplar forma parte de la colección y puede ser consultado según las políticas vigentes.       Biblioteca del Museo Franz Mayer (Rogerio Casas-Alatriste) Biblioteca del Museo Franz Mayer (Rogerio Casas-Alatriste) 02/12/2016   BX1970 .C54 1595 LAR00166 22/03/2019 22/03/2019 Libros